000 01379nam a2200301 i 4500
001 187217
003 ES-MaACL
005 20251009195433.0
008 170508s1975 sp cf |||| | spa d
080 _a929:24 Lorenzana, Francisco Antonio de (063)
080 _a946.028.5 T.(063)
111 2 _aSimposio "Toledo Ilustrado" (
_n3º.
_d1973.
_cToledo)
_9162566
245 1 0 _aSimposio "Toledo Ilustrado"
_b: (Toledo 22-24 marzo 1973) /
_c[prólogo, Salvador de Moxó ; Francisco Tomás y Valiente ... (et al.)].
246 3 8 _aToledo Ilustrado
260 _a[Toledo] :
_bPublicaciones del Centro Universitario de Toledo, Universidad Complutense,
_c[1975]
300 _a2 v. :
_b1 lám. retr. ;
_c20 cm.
490 1 _aToledo universitario ;
_v12-13
504 _aReferencias bibliográficas.
599 _aRetr. de Francisco Antonio de Lorenzana en v. 2.
600 1 7 _aLorenzana, Francisco Antonio de,
_d1722-1804-
_vCongresos y asambleas
_2
_9162567
651 4 _aToledo-
_xHistoria-
_vCongresos y asambleas.
_9162524
700 1 _aMoxó y Ortiz de Villajos, Salvador de.
_983946
700 0 _aTomás y Valiente, Francisco,
_d1932-1996
_9110535
710 2 _aUniversidad Complutense de Madrid.
_bCentro Universitario de Toledo.
_9162578
830 0 _aToledo universitario ;
_v12-13
_9185581
852 _aES-MaACL
_jL-31564-65
999 _c187217
_d187217